| 000 | 00348nam a2200121Ia 4500 | ||
|---|---|---|---|
| 008 | 151021s9999 xx 000 0 und d | ||
| 020 | _a9.7815636378e+012 | ||
| 050 | _aR 615.173 .P 2011 | ||
| 245 | _a_Physician Desk Reference PDR network | ||
| 260 | _aNew Jersey PDR network 2010 | ||
| 650 | _a_Physicians | ||
| 980 | _a^d20120831 11:27:40^oanne | ||
| 999 |
_c12743 _d12743 |
||